[Event "4th Sabbiadoro-Master 2018"]
[Site "Lignano Sabbiadoro"]
[Date "2018.08.01"]
[Round "5.1"]
[White "Brankovic, Dejan"]
[Black "Calavalle, Giulio"]
[Result "1/2-1/2"]
[WhiteElo "2330"]
[BlackElo "2274"]
[Annotator "TA"]
[PlyCount "76"]
[EventDate "2018.07.29"]
[EventType "swiss"]
[EventCountry "ITA"]
[SourceTitle "playchess.com"]
[Source "ChessBase"]
[SourceQuality "1"]

{[%evp 16,76,28,29,39,39,33,12,26,4,5,0,6,0,3,0,32,32,40,37,43,41,35,33,42,45,134,121,114,108,143,116,124,133,189,153,238,240,328,304,957,824,895,703,576,204,188,188,182,27,135,140,141,138,225,0,0,0,0,0,7,0,0]} 1. e4 c5 2. Nf3 d6 3. Bb5+ Bd7 4. Bxd7+ Qxd7 5. c4 Nf6 6. Nc3 Nc6 7. d4 cxd4 8. Nxd4 Nxd4 {B52: Sicilian: Moscow Variation with 3...Bd7} (8... e6 9. O-O Be7 10. Be3 O-O 11. Qe2 Rfc8 12. b3 Bd8 13. Rac1 Ba5 14. Nxc6 Rxc6 15. Bg5 Ne8 16. Nb5 a6 17. Nd4 Rcc8 18. Rfd1 Qc7 19. Qg4 Bb4 {1-0 (30) Stevic,H (2597)-Kozul,Z (2602) Zadar 2015}) 9. Qxd4 {LiveBook: 5 Games} g6 10. Bg5 Bg7 {White is slightly better.} 11. Nd5 {[%cal Rd5f6]} O-O $146 ({Predecessor:} 11... Nh5 12. Qd2 e6 13. Nc3 O-O 14. O-O Rac8 15. Qd3 Qc6 16. b3 {½-½ (39) Lomasov,S (2305)-Kevlishvili,R (2366) Groningen 2014}) 12. Nxf6+ exf6 13. Bxf6 Bxf6 14. Qxf6 Qc6 15. O-O $36 {[%cal Bh1f1,Bf1e1,Be1e7][%mdl 2080] White has the initiative.} Qxe4 16. b3 Qe5 17. Qf3 b5 18. Rfe1 Qc5 19. cxb5 Qxb5 20. Re7 Rae8 (20... d5 $14) 21. Rxa7 $16 Qe5 22. Rf1 Re6 23. g3 Rf6 24. Qe3 Qf5 (24... Rc8 $16 25. Qxe5 dxe5) 25. Ra4 Qc2 {[#]} (25... Re6 $16 {was called for.} 26. Qf4 Qb5) 26. Qh6 $1 $18 Re8 27. Rh4 Re2 $2 (27... g5 28. Qxg5+ (28. Qxf6 gxh4 29. Qg5+ Kh8 $18) 28... Rg6) 28. Qxh7+ Kf8 29. Qh6+ Ke7 30. Rf4 $2 (30. Rc4 Qxa2 31. Rc7+ Kd8 32. Rb7) 30... Rxf4 31. Qxf4 ({Don't play} 31. gxf4 $6 Qxa2 32. Qh4+ Kd7 $16) 31... Qxa2 {[%mdl 4096] Endgame KQR-KQR} 32. Rc1 $2 ({White should try} 32. Qh4+ $18 Ke6 33. Qc4+ Ke7 34. Qc7+ Kf8 35. Qxd6+ Kg7 36. Qd4+ Kh7 37. b4) 32... Qa5 (32... Qxb3 $11 {remains equal.} 33. Qh4+ Kd7) 33. b4 $16 Qd5 34. b5 {[#] Threatens to win with b6.} Re4 (34... g5 $16 {is a better defense.} 35. Qb4 Qd2) 35. Qh6 $2 (35. Qf3 $18) 35... Qxb5 $11 {The position is equal.} 36. Qd2 Qe5 37. Kf1 Qb5+ 38. Kg1 Qe5 {Precision: White = 49%, Black = 43%.} 1/2-1/2

[Event "4th Sabbiadoro-Master 2018"]
[Site "Lignano Sabbiadoro"]
[Date "2018.08.01"]
[Round "5.2"]
[White "Damia, Angelo"]
[Black "Kalegin, Evgenij"]
[Result "0-1"]
[WhiteElo "2313"]
[BlackElo "2431"]
[Annotator "TA"]
[PlyCount "58"]
[EventDate "2018.07.29"]
[EventType "swiss"]
[EventCountry "ITA"]
[SourceTitle "playchess.com"]
[Source "ChessBase"]
[SourceQuality "1"]

{[%evp 18,58,68,19,16,22,25,10,52,7,97,28,17,8,51,57,54,54,50,54,50,57,62,56,66,9,21,-278,-280,-588,-586,-867,-815,-29994,-371,-29995,-29996,-29996,-29997,-29997,-29998,-29998,-29999]} 1. e4 c5 2. Nf3 e6 3. d4 cxd4 4. Nxd4 a6 5. Nc3 b5 6. Bd3 Qb6 7. Nf3 Qc7 8. O-O Bb7 {B43: Sicilian: Kan Variation: 5 Nc3} 9. Re1 Be7 10. Bg5 {LiveBook: 3 Games} Bxg5 {The position is equal.} 11. Nxg5 f6 12. Nh3 (12. Nf3 {is interesting.} Nh6 13. Ne2 Nc6 14. c3 O-O 15. Ned4) 12... g6 $146 ({Predecessor:} 12... Nh6 13. Qh5+ Nf7 14. f4 Nc6 15. a4 b4 16. Nd1 {0-1 (42) Areshchenko,A (2688)-Pantsulaia,L (2595) Plovdiv 2012}) 13. Qg4 Ne7 (13... Nc6 $1 $11) 14. f4 (14. Qh4 $16) 14... Nbc6 $11 15. Qh4 Rf8 16. Qxh7 O-O-O 17. Qh4 $1 g5 18. fxg5 fxg5 19. Qxg5 Rg8 20. Qc5 d6 21. Qe3 {Hoping for Nf4.} Ne5 22. Nf4 $2 {[%mdl 8192] [#]} (22. Kh1 $11) 22... Ng4 $1 $19 {[%cal Rg4e3]} 23. Qa7 $2 (23. Qg3 Qc5+ 24. Kf1) 23... Nc6 24. Nxe6 {[#] And now Nd5 would win.} Qh7 $1 {[%cal Rh7h2]} ({Not} 24... Nxa7 25. Nxc7 Kxc7 26. a4 $17) 25. Qb6 Qxh2+ 26. Kf1 {[%csl Ge6][%cal Rb6c7] [#]} Ne3+ $1 {[%mdl 512] Black mates.} 27. Rxe3 (27. Qxe3 Qxg2#) 27... Qh1+ 28. Ke2 Rxg2+ 29. Kf3 Qh3+ {Precision: White = 36%, Black = 74%.} 0-1

[Event "4th Sabbiadoro-Master 2018"]
[Site "Lignano Sabbiadoro"]
[Date "2018.08.01"]
[Round "5.3"]
[White "Bentivegna, Francesco"]
[Black "Ristic, Nenad"]
[Result "1/2-1/2"]
[WhiteElo "2248"]
[BlackElo "2356"]
[Annotator "NA RC"]
[PlyCount "52"]
[EventDate "2018.07.29"]
[EventType "swiss"]
[EventCountry "ITA"]
[SourceTitle "playchess.com"]
[Source "ChessBase"]
[SourceQuality "1"]
[TimeControl "5400+30"]

1. e4 {[%emt 0:22:30]} c5 {[%emt 0:00:30]} 2. c3 {[%emt 0:00:30]} Nf6 {[%emt 0:00:30]} 3. e5 {[%emt 0:00:30]} Nd5 {[%emt 0:00:30]} 4. d4 {[%emt 0:00:00]} cxd4 {[%emt 0:00:00]} 5. Nf3 {[%emt 0:00:00]} e6 {[%emt 0:00:00]} 6. cxd4 {[%emt 0:00:00]} Qc7 {[%emt 0:00:30]} 7. Bd2 {[%emt 0:15:00]} d6 {[%emt 0:01:30]} 8. Nc3 {[%emt 0:00:30]} Nxc3 {[%emt 0:00:30]} 9. Bxc3 {[%emt 0:06:30]} dxe5 {[%emt 0:06:30]} 10. dxe5 {[%emt 0:03:30]} Nc6 {[%emt 0:02:30]} 11. Bd3 {[%emt 0:05:30]} Be7 {[%emt 0:06:30]} 12. O-O {[%emt 0:01:30]} O-O {[%emt 0:00:30]} 13. Qe2 {[%emt 0:00:00]} b6 {[%emt 0:02:30]} 14. Rac1 {[%emt 0:11:00]} Bb7 {[%emt 0:05:30]} 15. b4 {[%emt 0:00:30]} Rac8 {[%emt 0:04:30]} 16. b5 {[%emt 0:02:30]} Nb8 {[%emt 0:02:30]} 17. Nd4 {[%emt 0:04:30]} Rfd8 {[%emt 0:02:30]} 18. Bb2 {[%emt 0:07:04]} Qd7 {[%emt 0:02:30]} 19. Rxc8 {[%emt 0:00:16]} Rxc8 {[%emt 0:00:30]} 20. Rd1 {[%emt 0:00:04]} Qd5 {[%emt 0:07:30]} 21. f3 {[%emt 0:07:43]} Bc5 {[%emt 0:07:30]} 22. Kh1 {[%emt 0:00:26]} Qxa2 {[%emt 0:17:30]} 23. Bc4 {[%emt 0:01:56]} Qa4 {[%emt 0:01:30]} 24. Ra1 {[%emt 0:05:43]} Qb4 {[%emt 0:00:30]} 25. Ba3 {[%emt 0:00:27]} Qc3 {[%emt 0:00:30]} 26. Bb2 {[%emt 0:00:02]} Qb4 1/2-1/2

[Event "4th Sabbiadoro-Master 2018"]
[Site "Lignano Sabbiadoro"]
[Date "2018.08.01"]
[Round "5.4"]
[White "Siclari, Giovanni"]
[Black "Nester, Ihor"]
[Result "0-1"]
[WhiteElo "2185"]
[BlackElo "2305"]
[Annotator "TA"]
[PlyCount "72"]
[EventDate "2018.07.29"]
[EventType "swiss"]
[EventCountry "ITA"]
[SourceTitle "playchess.com"]
[Source "ChessBase"]
[SourceQuality "1"]

{[%evp 23,72,0,0,0,20,0,8,0,18,-12,0,0,13,-18,-34,-14,0,0,0,0,-5,-3,0,0,0,-28,-23,-34,-27,-25,-26,-150,-162,-138,-136,-273,-277,-288,-276,-265,-274,-261,-244,-245,-239,-290,-293,-284,-280,-372,-363]} 1. Nf3 f5 2. c4 Nf6 3. g3 g6 4. Bg2 Bg7 5. O-O d6 6. d4 O-O 7. Nc3 Qe8 8. d5 a5 9. Nd4 Na6 10. b3 Bd7 11. Bb2 {A87: Dutch Defence: Leningrad System: 5 Nf3} (11. Rb1 Nc5 12. Ba3 Nfe4 13. Nxe4 Nxe4 14. Qd3 c5 15. Ne6 Bxe6 16. dxe6 Qc8 17. Bxe4 fxe4 18. Qxe4 Rb8 19. Bb2 Bxb2 20. Rxb2 {½-½ (63) Zhou,W (2606)-Le,Q (2726) China 2017}) 11... Nc5 12. Qd2 c6 {LiveBook: 3 Games} 13. Rad1 {The position is equal.} Rc8 14. dxc6 $146 ({Predecessor:} 14. e3 Qf7 15. Ba1 g5 16. Rfe1 Nfe4 17. Qe2 h5 18. f4 Nxc3 19. Bxc3 {0-1 (44) Volodin,V (2198)-Nemsak,D (2049) Tatranske Zruby 2015}) 14... bxc6 15. e3 Qf7 16. Nde2 Rb8 17. Ba3 {Bxc5 is the strong threat.} Nfe4 18. Nxe4 (18. Qc2 {with more complications.} a4 19. Rb1 axb3 20. axb3 Rfc8 21. Rfd1) 18... Nxe4 19. Qc2 c5 20. f3 Nf6 21. e4 fxe4 22. fxe4 {Hoping for e5!} Qe8 23. h3 Qc8 24. Kh2 {[#]} (24. e5 $5 dxe5 25. g4 $11) 24... a4 $1 {[%mdl 512]} 25. Bb2 (25. bxa4 Qa6) 25... axb3 26. axb3 Bc6 27. e5 (27. Nf4 $11 {remains equal.}) 27... Bxg2 $17 28. Kxg2 Qb7+ 29. Kh2 (29. Kg1 $17 Ne4 30. exd6 Bxb2 31. Qxb2) 29... Qxb3 $19 30. Qxb3 Rxb3 31. Ba1 Ne4 32. Rxf8+ Kxf8 33. exd6 exd6 ({Don't play} 33... Nxd6 34. Bxg7+ Kxg7 35. Nf4) 34. Rf1+ Kg8 35. Bxg7 Kxg7 36. Rf4 Re3 {Precision: White = 31%, Black = 58%.} 0-1

[Event "4th Sabbiadoro-Master 2018"]
[Site "Lignano Sabbiadoro"]
[Date "2018.08.01"]
[Round "5.5"]
[White "Migliorini, Matteo"]
[Black "Micottis, Dorian"]
[Result "1/2-1/2"]
[WhiteElo "2130"]
[BlackElo "2295"]
[Annotator "TA"]
[PlyCount "41"]
[EventDate "2018.07.29"]
[EventType "swiss"]
[EventCountry "ITA"]
[SourceTitle "playchess.com"]
[Source "ChessBase"]
[SourceQuality "1"]

{[%evp 16,41,8,17,21,0,0,0,0,0,0,0,16,0,0,0,12,0,1,19,18,0,39,39,40,40,36,36]} 1. e4 c6 2. c4 d5 3. exd5 cxd5 4. cxd5 Nf6 5. Nc3 Nxd5 6. Nf3 Nc6 7. Bc4 Nb6 8. Bb3 e5 9. O-O {LiveBook: 5 Games. B10: Caro-Kann: 2 d3 and 2 c4} (9. Qe2 Bd6 10. d4 O-O 11. dxe5 Nxe5 12. Nxe5 Bxe5 13. O-O Qc7 14. Kh1 Bd7 15. Nb5 Qc5 16. a4 Rae8 {½-½ (52) Reinderman,D (2608)-Spoelman,W (2580) Eindhoven 2010}) 9... Be7 10. Re1 Bg4 11. h3 {The position is equal.} Bxf3 $1 12. Qxf3 O-O 13. d3 Kh8 14. Be3 ({Don't go for} 14. Bxf7 $2 g6 $19) 14... f5 {[%cal Bf7f5,Bf5f4][%mdl 32]} 15. Rad1 f4 16. Bxb6 {[#]} axb6 $146 ({Predecessor:} 16... Qxb6) 17. d4 Nxd4 18. Qxb7 {[#] Rxd4! is the strong threat.} Bf6 19. Nb5 {White is slightly better.} Qb8 20. Qxb8 Raxb8 21. Nxd4 {Precision: White = 57%, Black = 73%.} 1/2-1/2

[Event "4th Sabbiadoro-Master 2018"]
[Site "Lignano Sabbiadoro"]
[Date "2018.08.01"]
[Round "5.6"]
[White "Grochowalski, Pawel"]
[Black "Simonetto, Andrea"]
[Result "0-1"]
[WhiteElo "2049"]
[BlackElo "2173"]
[Annotator "TA"]
[PlyCount "40"]
[EventDate "2018.07.29"]
[EventType "swiss"]
[EventCountry "ITA"]
[SourceTitle "playchess.com"]
[Source "ChessBase"]
[SourceQuality "1"]

{[%evp 19,39,-8,-10,-5,-17,-17,21,15,98,88,99,-210,-117,-142,-134,-150,-132,-233,-227,-746,-690,-29999]} 1. d4 d5 2. Nf3 Nf6 3. c4 e6 4. Nc3 Be7 5. Bf4 O-O 6. e3 b6 7. Rc1 c5 8. cxd5 Nxd5 9. Nxd5 {D37: Queen's Gambit Declined: 5 Bf4} exd5 10. dxc5 (10. Bd3 c4 11. Bb1 Bb4+ 12. Kf1 Bd6 13. Ne5 Bxe5 14. dxe5 Nc6 15. h4 Re8 16. Bg5 Qc7 {½-½ (60) Predojevic,B (2654)-Dreev,A (2662) Sibenik 2009}) 10... bxc5 {LiveBook: 3 Games} 11. Be2 $1 {The position is equal.} Qa5+ $146 ({Predecessor:} 11... Be6 12. O-O Nd7 13. Ne5 Nxe5 14. Bxe5 Bd6 15. Bxd6 Qxd6 16. Bf3 Rfd8 {½-½ (26) Volkov,V (1773)-Cano Egea,J (1552) Girona 2012}) 12. Kf1 Ba6 ({Reject} 12... Qxa2 $6 13. Ra1 $14) 13. Qxd5 {Hoping for Ne5.} Rd8 (13... Bxe2+ $11 {keeps the balance.} 14. Kxe2 Qb5+ 15. Qd3 Qxb2+ 16. Rc2 Qb6) 14. Qxa8 $16 Bxe2+ {[#]} 15. Kxe2 $2 {[%mdl 8192]} (15. Kg1 $1 $16 {Strongly threatening Qb7.} Qb6 16. Qe4 Qxb2 17. Qb1) 15... Qa6+ (15... Qb5+ $19 16. Ke1 Nc6 17. Qxd8+ Bxd8) 16. Ke1 $17 Nc6 17. Qxd8+ Bxd8 18. e4 {[#]} (18. Rxc5 $17 {might work better.} Nb4 19. Kd1) 18... Nb4 $1 $19 {[%cal Rb4d3][%mdl 1024] Black has strong compensation.} ({Weaker is} 18... Qxa2 19. Rxc5 Qb1+ 20. Ke2 $17) 19. Rd1 $2 (19. Be3) 19... Ba5 {[%cal Rb4c2]} 20. Bd2 Nc2# {Precision: White = 19%, Black = 48%.} 0-1

[Event "4th Sabbiadoro-Master 2018"]
[Site "Lignano Sabbiadoro"]
[Date "2018.08.01"]
[Round "5.7"]
[White "Zuttioni, Federico"]
[Black "Peric, Slavisa"]
[Result "1-0"]
[WhiteElo "2141"]
[BlackElo "2120"]
[Annotator "TA"]
[PlyCount "59"]
[EventDate "2018.07.29"]
[EventType "swiss"]
[EventCountry "ITA"]
[SourceTitle "playchess.com"]
[Source "ChessBase"]
[SourceQuality "1"]

{[%evp 9,59,31,27,22,36,46,46,50,55,66,53,27,86,61,93,47,39,39,49,52,43,37,58,36,50,40,111,20,417,417,555,569,573,558,575,375,574,576,558,554,553,502,676,681,683,673,750,745,737,722,1068,1049]} 1. e4 e6 2. d4 d5 3. Nc3 Be7 4. Be3 (4. Qf3 dxe4 5. Nxe4 Nf6 6. Be3 Nxe4 7. Qxe4 Qd5 8. Qxd5 exd5 9. Bf4 c6 10. Bd3 Bg4 11. Ne2 O-O {0-1 (68) Fedoseev,V (2731)-Demidov,M (2521) Sochi 2017}) 4... dxe4 5. Nxe4 Nf6 {LiveBook: 4 Games} 6. Bd3 {C10: French with 3 Nc3: Unusual Black 3rd moves and 3...dxe4} Nc6 7. Nf3 Nb4 8. Nxf6+ {White is slightly better.} Bxf6 9. Be4 $146 ({Predecessor:} 9. Bb5+ c6 10. Ba4 b5 11. Bb3 a5 12. a3 Nd5 13. Bd2 a4 {0-1 (35) Hopp,B (1447)-David,H (1423) Bad Blankenburg 2011}) 9... Nd5 10. Bd2 c5 (10... Be7 $11) 11. c4 $16 Ne7 12. Bc3 cxd4 13. Nxd4 a6 14. O-O $36 {[%mdl 2048] White has the initiative.} O-O 15. Re1 h6 16. Qd3 Qc7 17. Rad1 Rb8 (17... Bd7 $14) 18. Re3 (18. Bb4 $16) 18... Rd8 $2 {[%mdl 8192] [#]} (18... Bg5 $11 {and Black has nothing to worry.}) 19. Nb5 $1 $18 Rxd3 20. Rexd3 {Threatening mate with Rd8+.} (20. Nxc7 $2 {loses.} Rxd1+ 21. Re1 Rxe1+ 22. Bxe1 Be5 $19) 20... Qd7 21. Rxd7 Bxd7 22. Bxf6 gxf6 (22... Bc6 {is a better defense.} 23. Bxe7 Bxe4) 23. Rxd7 {White is clearly winning.} axb5 24. Rxe7 bxc4 25. Rxb7 {KRB-KR} Rd8 {[%cal Rd8d1] [#]} 26. g3 Rd1+ 27. Kg2 f5 28. Bf3 Rb1 29. a4 e5 30. Bd5 {Precision: White = 64%, Black = 29%.} 1-0

[Event "4th Sabbiadoro-Master 2018"]
[Site "Lignano Sabbiadoro"]
[Date "2018.08.01"]
[Round "5.8"]
[White "Redondo Arguelles, Graciela"]
[Black "Mufic, Goran"]
[Result "0-1"]
[WhiteElo "2051"]
[BlackElo "2299"]
[Annotator "TA"]
[PlyCount "40"]
[EventDate "2018.07.29"]
[EventType "swiss"]
[EventCountry "ITA"]
[SourceTitle "playchess.com"]
[Source "ChessBase"]
[SourceQuality "1"]

{[%evp 12,40,118,15,12,10,8,11,16,0,0,-19,0,-3,-12,-46,10,-14,-18,-65,2,0,0,0,16,-41,0,0,34,-820,-818]} 1. e4 d5 2. exd5 Qxd5 3. Nc3 Qd8 4. Bc4 Nf6 5. Nf3 Bf5 6. Ne5 {B01: Scandinavian Defence} (6. O-O e6 7. d4 Be7 8. Re1 c6 9. h3 O-O 10. Nh4 {½-½ (10) Tesik,C (2327)-Varga,Z (2459) Budapest 2014}) 6... e6 {[#]} 7. d4 {LiveBook: 4 Games} ({White must play} 7. Qf3 $1 $16) 7... Nbd7 $11 8. Qf3 {Nxf7! is the strong threat.The position is equal.} Nxe5 $146 ({Predecessor:} 8... Qc8 9. Nxd7 Nxd7 10. Bf4 c6 11. O-O-O Nb6 12. Bb3 Qd7 13. g4 Bg6 {1-0 (27) Ciganovic,N (2293)-Jukic,Z (2294) Sibenik 2012}) 9. dxe5 Nd7 $1 10. Be3 c6 11. O-O-O Qc7 12. g4 Bg6 $1 ({Don't play} 12... Nxe5 13. Qg3 $16) 13. Bf4 Bc5 (13... h5 $15) 14. Rhe1 O-O-O 15. Ne4 Bxe4 ({Black should try} 15... Nxe5 $15 16. Qg3 Bxe4 17. Bxe5 Rxd1+ 18. Rxd1 Qb6) 16. Rxe4 Nb6 17. Bd3 Nd5 18. Rc4 (18. Bd2 $11) 18... Be7 19. Bg3 Nb6 20. Qxf7 $2 {[%mdl 8192] [#]} (20. Re4 $14) 20... Bg5+ {Precision: White = 14%, Black = 43%.} 0-1

[Event "4th Sabbiadoro-Master 2018"]
[Site "Lignano Sabbiadoro"]
[Date "2018.08.01"]
[Round "5.9"]
[White "Bardone, Lorenzo"]
[Black "Medici, Simone"]
[Result "0-1"]
[WhiteElo "2103"]
[BlackElo "2286"]
[Annotator "TA"]
[PlyCount "98"]
[EventDate "2018.07.29"]
[EventType "swiss"]
[EventCountry "ITA"]
[SourceTitle "playchess.com"]
[Source "ChessBase"]
[SourceQuality "1"]

{[%evp 15,98,40,71,72,133,144,137,159,138,157,156,156,153,161,161,168,162,151,143,145,260,213,263,262,410,396,365,100,91,0,43,-63,-64,-156,-108,-127,-104,-94,-82,-87,-6,-8,-6,-20,-23,-26,-22,-61,-52,-85,-85,-97,-57,-73,-66,-74,-8,-9,-8,-8,-16,-63,-67,-66,0,-98,-66,-466,-460,-595,-526,-435,-356,-639,-620,-419,-262,-271,-266,-610,-582,-825,-780,-882,-859]} 1. Nf3 f5 2. c4 Nf6 3. g3 b6 4. Bg2 Bb7 5. d4 e6 6. O-O Be7 7. Nc3 O-O 8. d5 exd5 9. cxd5 {A84: Dutch Defence: 2 c4 Miscellaneous} Kh8 $146 (9... Bb4 $142) ({Predecessor:} 9... Na6 10. Nd4 Ne8 11. Qc2 Nd6 12. Bf4 g6 13. Ndb5 Re8 14. a3 Nc5 15. b4 Nce4 16. Nxd6 Nxd6 17. e4 Bf6 18. exf5 Nxf5 19. Rad1 {½-½ (19) Ibrahim,H (2263)-Mahmoud,A (2119) Amman 2008}) 10. Nd4 $16 {aiming for d6.} Ne8 11. Qc2 {White is clearly better.} Nd6 12. Bf4 g6 13. e4 fxe4 14. Nxe4 Na6 15. Nxd6 Bxd6 16. Bxd6 cxd6 17. Nb5 Rf6 (17... Qf6 $16) 18. Rfe1 Rc8 19. Qe4 Nc5 (19... Kg8 $142 20. Nxa7 Ra8) 20. Qd4 $18 Qf8 21. Re2 $2 (21. Nxa7 $18 {has better winning chances.} Rb8 22. Nb5) 21... Ba6 22. Qb4 (22. Nxa7 $16 Ra8 23. Re3) 22... Kg8 {...Nd3 is the strong threat.} 23. Rd2 {[#]} (23. Rd1 $14) 23... Rxf2 $1 $15 {[%mdl 512]} 24. Rf1 (24. Rxf2 $15 Qxf2+ 25. Kxf2 Nd3+ 26. Kg1 Nxb4 27. Nxd6) 24... Rxf1+ 25. Bxf1 Bxb5 26. Bxb5 Qf5 {Threatens to win with ...Ne4.} 27. Rf2 Qb1+ (27... Qe5 $17) 28. Rf1 $11 Qe4 29. Qxe4 Nxe4 30. Bxd7 {[%mdl 4096] Endgame KRB-KRN} Rc7 31. Be6+ Kg7 32. Re1 Ng5 33. Bg4 h5 34. Bd1 Rc1 35. Kf2 Nf7 (35... Rb1 $17 36. b3 Rb2+ 37. Re2 Ne4+ 38. Kf3 Rxe2 39. Bxe2 Nc3) 36. Bb3 Rxe1 37. Kxe1 {KB-KN} Kf6 38. Bc2 Nh6 39. Ke2 g5 (39... Nf5 $15) 40. Kd3 (40. Kf3 $11 {keeps the balance.}) 40... Ke5 $17 41. Kc4 $2 {[%mdl 8192] [#]} (41. h4 $15) 41... Ng4 $19 42. Bg6 Nxh2 43. Bxh5 Nf1 44. g4 $2 (44. Kb5 Nxg3 45. Bg4) 44... a6 {[%cal Ba7a6,Ba6a5][%mdl 32]} 45. Kd3 Kxd5 46. Bg6 Ke5 47. Ke2 $2 (47. Bf5) 47... Nh2 {Black is clearly winning.} 48. Bd3 a5 49. Bf5 Kf4 {Precision: White = 32%, Black = 48%.} 0-1

[Event "4th Sabbiadoro-Master 2018"]
[Site "Lignano Sabbiadoro"]
[Date "2018.08.01"]
[Round "5.10"]
[White "Ridolfo, Enrico"]
[Black "Sgnaolin, Davide"]
[Result "0-1"]
[WhiteElo "2057"]
[BlackElo "2267"]
[Annotator "TA"]
[PlyCount "102"]
[EventDate "2018.07.29"]
[EventType "swiss"]
[EventCountry "ITA"]
[SourceTitle "playchess.com"]
[Source "ChessBase"]
[SourceQuality "1"]

{[%evp 15,102,0,0,0,4,0,27,-24,0,0,8,10,21,-9,1,-45,-41,-59,-70,-187,-187,-190,-187,-204,-200,-197,-198,-195,-175,-165,-170,-208,-198,-256,-222,-281,-101,-98,-89,-95,-94,-170,-173,-169,-170,-140,-88,-190,-168,-205,-87,-89,-89,-94,-89,-95,-39,-46,-39,-39,-39,-39,-39,-55,-39,-111,-114,-82,-97,-122,-97,-449,-452,-608,-594,-1896,-1785,-5405,-5073,-29964,-29961,-29965,-29966,-29968,-29969,-7128,-29946,-29979,-29980]} 1. e4 c5 2. b3 Nc6 3. Bb2 d6 4. Nf3 Nf6 5. Nc3 e6 6. g3 {B50: Sicilian: 2...d6, Miscellaneous} Be7 7. Bg2 O-O 8. O-O a6 {LiveBook: 5 Games} 9. Re1 e5 $146 ({Predecessor:} 9... Qc7 10. d3 Bd7 11. Qd2 Rfd8 12. Nd1 d5 13. e5 Ne8 14. Ne3 {1-0 (34) Schmittdiel,E (2497)-Steiner,B (2252) Oberwart 2002}) 10. d3 b5 11. Ne2 (11. Nd5 $142) 11... a5 12. Nd2 a4 13. bxa4 bxa4 14. c3 Qc7 15. Rc1 Be6 16. d4 {aiming for d5.} Rfb8 17. Qc2 (17. d5 $1 $15 Rxb2 18. dxe6) 17... Bxa2 $19 18. Ra1 Bb3 $1 $36 {[%cal Rb3c2][%mdl 2048] White is under strong pressure.} 19. Nxb3 axb3 20. Qd3 Rxa1 21. Rxa1 {[#]} cxd4 $1 22. cxd4 {[#]} Nb4 $1 {[%cal Rb4d3]} 23. Qc3 Qxc3 24. Bxc3 (24. Nxc3 {keeps fighting.} Nd3 25. Nd1) 24... Nc2 25. Rb1 exd4 $2 (25... Na3 $19 {has better winning chances.} 26. Rb2 Nc4) 26. Nxd4 $17 Nxd4 27. Bxd4 Nd7 28. Bf1 (28. e5 $17 {was worth a try.}) 28... Bf6 $19 29. Bxf6 Nxf6 {[%mdl 4096] Endgame KRB-KRN} 30. f3 Nd7 (30... b2 $142 31. Kf2 d5) 31. Rb2 (31. Kf2 $17 {might work better.}) 31... Kf8 32. Bc4 Ne5 (32... Rb4 $19 {and Black stays clearly on top.} 33. Bd5 Nc5) 33. Rxb3 $17 Rxb3 34. Bxb3 Nxf3+ {KB-KN} 35. Kf2 Ne5 ({Much weaker is} 35... Nxh2 $6 36. Bd1 $11) ({Black should play} 35... Nd4 $17 36. Bd5 Ke7) 36. h3 Ke7 37. Ke3 h6 38. Bd5 Nd7 39. Ba2 Nc5 40. Bd5 (40. Kd4 $1 $15) 40... Ne6 41. Bc4 Kf6 42. Ba6 Ke5 {White must now prevent ...Nc5.} 43. Bc4 $2 {[%mdl 8192]} (43. Bd3 $17 {is tougher.}) 43... Ng5 $19 44. g4 Nxe4 45. Bxf7 Ng5 46. Bg6 Nxh3 47. Bd3 Ng5 48. Bg6 d5 49. Kd3 Kf4 50. Bh5 Nf3 51. g5 hxg5 {Precision: White = 21%, Black = 61%.} 0-1

[Event "4th Sabbiadoro-Master 2018"]
[Site "Lignano Sabbiadoro"]
[Date "2018.08.02"]
[Round "6.1"]
[White "Kalegin, Evgenij"]
[Black "Calavalle, Giulio"]
[Result "1/2-1/2"]
[WhiteElo "2431"]
[BlackElo "2275"]
[Annotator "TA"]
[PlyCount "53"]
[EventDate "2018.07.29"]
[EventType "swiss"]
[EventCountry "ITA"]
[SourceTitle "playchess.com"]
[Source "ChessBase"]
[SourceQuality "1"]

{[%evp 9,53,34,32,29,41,28,60,61,70,14,14,16,15,4,28,28,38,24,89,82,116,106,118,104,199,151,237,190,226,195,288,116,114,99,87,-406,-397,-1180,0,-732,-668,-832,-816,-29991,-29985,-29965]} 1. e4 c5 2. Nf3 d6 3. c3 Nf6 4. h3 Bd7 5. Bd3 (5. Qc2 Bc6 6. d3 Nbd7 7. Nbd2 g6 8. d4 cxd4 9. Nxd4 Bg7 10. Be2 O-O 11. O-O Nc5 12. Nxc6 bxc6 {½-½ (68) Svidler,P (2726)-Movsesian,S (2747) Odessa 2009}) 5... e5 6. O-O {B50: Sicilian: 2...d6, Miscellaneous} Be7 7. Bc2 O-O 8. d4 {White is slightly better.} Qc7 9. dxe5 $146 (9. d5 $14) ({Predecessor:} 9. Be3 Nc6 10. d5 Na5 11. Qe2 b5 12. Nbd2 c4 {1-0 (23) Kruszynski,W (2390)-Emunds,H (2275) Muenster 1993}) 9... dxe5 $11 10. Nh4 Nc6 11. Qf3 g6 12. Bh6 Rfe8 13. Na3 Nd8 {[#]} (13... a6 $11 {keeps the balance.}) 14. Nf5 $1 $36 {[%cal Rf5e7][%mdl 2048] White is in control.} Bxf5 15. exf5 Qc6 16. Qe2 Bf8 (16... e4 $16 {was necessary.}) 17. Bg5 Nh5 (17... e4 $16) 18. Be4 Qc8 19. Qf3 Ng7 (19... Nf4 {was worth a try.} 20. Nc4 Nc6) 20. Bxd8 (20. g4 $18) 20... gxf5 21. Bxb7 e4 22. Bxa8 $4 {[%mdl 8192] [#]} (22. Bxc8 $16 {and life is bright.} exf3 23. Bd7 (23. gxf3 Rxd8 24. Ba6 Rd6 $14) 23... Rexd8 24. Rad1) 22... exf3 $19 23. Bb7 $2 (23. Bxf3 Rxd8 24. Nc4) 23... fxg2 $2 (23... Qxb7 $19 24. Bg5 fxg2) 24. Bxg2 $2 {[%mdl 8192]} (24. Bxc8 $11 gxf1=B 25. Kxf1 Rxd8 26. Ba6) 24... Rxd8 25. Rfd1 Ne6 26. Bc6 Rxd1+ 27. Rxd1 {[%mdl 32768] Precision: White = 28%, Black = 32%. . An unexpected result.} 1/2-1/2